| 000 | 00476nam a2200205Ia 4500 | ||
|---|---|---|---|
| 008 | 210210b1924 xxu||||| |||| 00| 0 eng d | ||
| 041 | _aeng | ||
| 082 | _a825/886 | ||
| 100 | _aWARD (A C) | ||
| 245 | _aAspects of the modern short story | ||
| 260 |
_aLondon _bUniversity of London Press., _c1924 |
||
| 650 | _athe | ||
| 650 | _astory | ||
| 650 | _ashort | ||
| 650 | _aof | ||
| 650 | _amodern | ||
| 650 | _aAspects | ||
| 690 | _aEnglish Criticism | ||
| 906 | _a015201 | ||
| 999 |
_c134518 _d134518 |
||